Studies of Christianity; Or, Timely Thoughts for Religious Thinkers (Record no. 269640)
[ view plain ]
| 000 -LEADER | |
|---|---|
| fixed length control field | 01326cam a22002653a 4500 |
| 001 - CONTROL NUMBER | |
| control field | 40387 |
| 003 - CONTROL NUMBER IDENTIFIER | |
| control field | PGUSA |
| 005 - DATE AND TIME OF LATEST TRANSACTION | |
| control field | 20140828083913.0 |
| 008 - FIXED-LENGTH DATA ELEMENTS--GENERAL INFORMATION | |
| fixed length control field | 120801s2012||||xxu|||||s|||||000 | eng d |
| 040 ## - CATALOGING SOURCE | |
| Original cataloging agency | PGUSA |
| Language of cataloging | eng |
| 042 ## - AUTHENTICATION CODE | |
| Authentication code | dc |
| 050 #4 - LIBRARY OF CONGRESS CALL NUMBER | |
| Classification number | BR |
| 100 1# - MAIN ENTRY--PERSONAL NAME | |
| Personal name | Martineau, James, |
| Dates associated with a name | 1805-1900 |
| 245 10 - TITLE STATEMENT | |
| Title | Studies of Christianity; Or, Timely Thoughts for Religious Thinkers |
| Medium | [electronic resource] / |
| Statement of responsibility, etc | James Martineau |
| 260 ## - PUBLICATION, DISTRIBUTION, ETC. (IMPRINT) | |
| Name of publisher, distributor, etc | Project Gutenberg, |
| Date of publication, distribution, etc | 2012 |
| 505 0# - FORMATTED CONTENTS NOTE | |
| Formatted contents note | Introductory thoughts, from Mr. Martineau's writings -- Distinctive types of Christianity -- Christianity without priest and without ritual -- Inconsistency of the scheme of vicarious redemption -- Mediatorial religion -- Five points of Christian faith -- Creed and heresies of early Christianity -- The creed of Christendom -- The ethics of Christendom -- The restoration of belief -- One gospel in many dialects -- St. Paul and his modern students -- Sin: what it is, what it is not -- The duties of Christians in an age of controversy. |
| 506 ## - RESTRICTIONS ON ACCESS NOTE | |
| Terms governing access | Public domain in the USA. |
| 516 ## - TYPE OF COMPUTER FILE OR DATA NOTE | |
| Type of computer file or data note | Electronic text |
| 653 ## - INDEX TERM--UNCONTROLLED | |
| Uncontrolled term | Church history -- 19th century |
| 653 ## - INDEX TERM--UNCONTROLLED | |
| Uncontrolled term | Christianity |
| 700 1# - ADDED ENTRY--PERSONAL NAME | |
| Personal name | Alger, William Rounseville, |
| Dates associated with a name | 1822-1905 |
| 830 #0 - SERIES ADDED ENTRY--UNIFORM TITLE | |
| Uniform title | Project Gutenberg |
| Volume number/sequential designation | 40387 |
| 856 40 - ELECTRONIC LOCATION AND ACCESS | |
| Uniform Resource Identifier | <a href="http://www.gutenberg.org/ebooks/40387">http://www.gutenberg.org/ebooks/40387</a> |
| 942 ## - ADDED ENTRY ELEMENTS (KOHA) | |
| Koha item type | eBooks |
| Withdrawn status | Lost status | Damaged status | Home library | Current library | Date acquired | Total Checkouts | Date last seen | Price effective from | Koha item type |
|---|---|---|---|---|---|---|---|---|---|
| Project Gutenberg | Project Gutenberg | 08/28/2014 | 08/28/2014 | 08/28/2014 | eBooks |